مجموعة القواعد القانونية التى قررتها محكمة النقض : (Record no. 62938)
[ view plain ]
| 000 -LEADER | |
|---|---|
| fixed length control field | 01471nam a2200313 i 4500 |
| 003 - CONTROL NUMBER IDENTIFIER | |
| control field | EG-GICUC |
| 005 - DATE AND TIME OF LATEST TRANSACTION | |
| control field | 20260212183130.0 |
| 008 - FIXED-LENGTH DATA ELEMENTS--GENERAL INFORMATION | |
| fixed length control field | 260212s19581377ua ||||fr|||| 00| 0 ara d |
| 040 ## - CATALOGING SOURCE | |
| Original cataloging agency | EG-GICUC |
| Language of cataloging | ara |
| Transcribing agency | EG-GICUC |
| Modifying agency | EG-GICUC |
| Description conventions | rda |
| 041 ## - LANGUAGE CODE | |
| Language code of text/sound track or separate title | ara |
| 082 04 - DEWEY DECIMAL CLASSIFICATION NUMBER | |
| Edition number | 21 |
| Classification number | 343.1633107 |
| Item number | م ج |
| 092 04 - LOCALLY ASSIGNED DEWEY CALL NUMBER (OCLC) | |
| Edition number | 21 |
| 099 ## - LOCAL FREE-TEXT CALL NUMBER (OCLC) | |
| Classification number | Law1 10 343.1633107 م ج1958 |
| 110 1# - MAIN ENTRY--CORPORATE NAME | |
| Corporate name or jurisdiction name as entry element | محكمة النقض المكتب الفنى |
| Relator term | مؤلف. |
| 245 10 - TITLE STATEMENT | |
| Title | مجموعة القواعد القانونية التى قررتها محكمة النقض : |
| Remainder of title | فى خمسة وعشرين عاما من أول أنشائها فى 1931 حتى 31 ديسمبر 1955 الدائرة الجنائية. |
| Statement of responsibility, etc. | تأليف محكمة النقض المكتب الفنى. |
| Number of part/section of a work | الجزء الثانى، |
| Name of part/section of a work | (د- ى) / |
| 264 #1 - PRODUCTION, PUBLICATION, DISTRIBUTION, MANUFACTURE, AND COPYRIGHT NOTICE | |
| Place of production, publication, distribution, manufacture | القاهرة : |
| Name of producer, publisher, distributor, manufacturer | مطابع مدكور وأولاده بالقاهرة، |
| Date of production, publication, distribution, manufacture, or copyright notice | 1958. |
| 300 ## - PHYSICAL DESCRIPTION | |
| Extent | 1230 صفحة ; |
| Dimensions | 24 سم. |
| Other physical details | إيضاحيات، صور، مثيليات ؛ |
| 336 ## - CONTENT TYPE | |
| Source | rda content |
| Content type term | text |
| 337 ## - MEDIA TYPE | |
| Source | rda media |
| Media type term | Computer |
| 338 ## - CARRIER TYPE | |
| Source | rda carrier |
| Carrier type term | Online Resource |
| 504 ## - BIBLIOGRAPHY, ETC. NOTE | |
| Bibliography, etc. note | . 240-220 ببليوجرافيا: صفحات. |
| 546 ## - LANGUAGE NOTE | |
| Language note | النص باللغة العربية |
| 650 1# - SUBJECT ADDED ENTRY--TOPICAL TERM | |
| Topical term or geographic name entry element | القانون الجنائي |
| Source of heading or term | qrmak |
| 650 1# - SUBJECT ADDED ENTRY--TOPICAL TERM | |
| Topical term or geographic name entry element | القواعد العامة في تطبيق العقوبات |
| General subdivision | نقض / احكام |
| Source of heading or term | qrmak |
| 651 1# - SUBJECT ADDED ENTRY--GEOGRAPHIC NAME | |
| Source of heading or term | qrmak |
| 856 40 - ELECTRONIC LOCATION AND ACCESS | |
| Uniform Resource Identifier | <a href="https://fll.law.cu.edu.eg/fulltext/bks/B10-08858.pdf">https://fll.law.cu.edu.eg/fulltext/bks/B10-08858.pdf</a> |
| 905 ## - Cataloger and Reviser Names | |
| Cataloger Name: | Gomana |
| 942 ## - ADDED ENTRY ELEMENTS (KOHA) | |
| Source of classification or shelving scheme | Dewey Decimal Classification |
| Suppress in OPAC | No |
| Koha item type | Books |
| Edition | 21 |
| Withdrawn status | Lost status | Source of classification or shelving scheme | Materials specified (bound volume or other part) | Damaged status | Not for loan | Collection | Home library | Current library | Date acquired | Total checkouts | Full call number | Barcode | Date last seen | Copy number | Price effective from | Koha item type |
|---|---|---|---|---|---|---|---|---|---|---|---|---|---|---|---|---|
| Dewey Decimal Classification | V2 | Not for loan | القانون الجنائي | جــــامعة القــاهرة | مكتبة كلية الحقوق - المبنى الرئيسي | 12.02.2026 | Law1 10 343.1633107 م ج1958 1008858 V2, C1 | B10-08858 | 12.02.2026 | 1 | 12.02.2026 | Books | ||||
| Dewey Decimal Classification | V2 | القانون الجنائي | جــــامعة القــاهرة | مكتبة كلية الحقوق - المبنى الرئيسي | 12.02.2026 | Law1 10 343.1633107 م ج1958 1008859 V2, C2 | B10-08859 | 12.02.2026 | 2 | 12.02.2026 | Books | |||||
| Dewey Decimal Classification | V2 | القانون الجنائي | جــــامعة القــاهرة | مكتبة كلية الحقوق - فـرع الشيخ زايد | 12.02.2026 | Law2 10 343.1633107 م ج1958 1008860 V2, C3 | B10-08860 | 12.02.2026 | 3 | 12.02.2026 | Books |